000
00316nam a2200133Ia 4500
005
20260328101525.0
008
260328s9999||||xx |||||||||||||| ||und||
100
_a
Gentleman, David
245
0
_a
London /
_c
David Gentleman
260
_b
Antique Collectors
300
_a
192 p.
650
_a
DIBUJO LIBRE
942
_c
BK
999
_c
9740
_d
9740